000 00800nam a22002177a 4500
005 20240530110920.0
008 220221s2007 ua a g b 000 0 ara d
020 _a9789953821184
040 _aEG-CaGPL
_cEG-CaGPL
082 0 4 _221
_a338.1 \
_bم ت
100 0 _aمحمود الاشرم
245 1 2 _aالتنمية الزراعية المستدامة : العوامل الفعالة /
_cمحمود الاشرم
250 _aط.1
260 _aبيروت :
_bمركز دراسات الوحدة العربية،
_c2007
300 _a639 ص؛
_c24 سم
650 0 7 _aالتنمية الزراعية
_2qrmak
_zالعالم العربى
650 0 7 _aالامن الغذائى
_2qrmak
650 0 7 _aالمراة الريفية
_2qrmak
942 _2ddc
_cBK
999 _c66465
_d66465